La trepadora (Registro nro. 227)

Detalles MARC
000 -CABECERA
Longitud fija campo de control 00490nam a2200193 b 4500
001 - NÚMERO DE CONTROL
Número de control 00000000106035
003 - IDENTIFICADOR DELl NÚMERO DE CONTROL
Identificador del número de control OSt
005 - FECHA Y HORA DE LA ÚLTIMA TRANSACCIÓN
Fecha y hora de la última transacción 20130620141830.0
008 - CÓDIGOS DE INFORMACIÓN DE LONGITUD FIJA
Códigos de información de longitud fija 020226s1955 arg 000 1 spa d
040 ## - FUENTE DE LA CATALOGACIÓN
Centro catalogador de origen ZA-BP
Centro transcriptor BMC
082 ## - NÚMERO DE LA CLASIFICACIÓN DECIMAL DEWEY
Númeroo de clasificación Ve863.44
100 1# - PUNTO DE ACCESO PRINCIPAL-NOMBRE DE PERSONA
Nombre de persona Gallegos, Rómulo
9 (RLIN) 132
Fechas asociadas al nombre 1884-1969
245 13 - MENCIÓN DE TÍTULO
Título La trepadora
Mención de responsabilidad, etc. Rómulo Gallegos
250 ## - MENCIÓN DE EDICIÓN
Mención de edición 4ª ed
260 ## - PUBLICACIÓN, DISTRIBUCIÓN, ETC. (PIE DE IMPRENTA)
Lugar de publicación, distribución, etc. Buenos Aires
Nombre del editor, distribuidor, etc. Espasa-Calpe Argentina
Fecha de publicación, distribución, etc. 1948
300 ## - DESCRIPCIÓN FÍSICA
Extensión 236 p.
Dimensiones 18 cm
490 ## - MENCIÓN DE SERIE
Mención de serie Austral
Designación de volumen o secuencia 338
942 ## - ENTRADA DE ELEMENTOS AGREGADOS (KOHA)
Fuente de clasificaión o esquema Dewey Decimal Classification
Koha [por defecto] tipo de item 1- Monografias
Existencias
Suprimido Perdido Fuente de clasificación o esquema Estropeado Restricciones de uso No para préstamo Código de colección Localización permanente Localización actual Localización en estanter&íacute;as Fecha adquisición Fuente de adquisición Número de inventario Préstamos totales Signatura completa Código de barras Fecha última consulta Coste, precio reemplazado Fecha del precio de reemplazo Tipo de item de Koha
NULL NULL Dewey Decimal Classification NULL Prestable NULL NULL Biblioteca Miguel de Cervantes - UNICAES Biblioteca Miguel de Cervantes - UNICAES Sala Principal 22/04/2013 Donación - Marco René Revelo 000220   N GAL tre 1000220 22/04/2013 3.00 22/04/2013 1- Monografias
NULL NULL Dewey Decimal Classification NULL Prestable NULL NULL Biblioteca Miguel de Cervantes - UNICAES Biblioteca Miguel de Cervantes - UNICAES Sala Principal 22/04/2013 Donación - Marco René Revelo 000221   N GAL tre 1000221 22/04/2013 3.00 22/04/2013 1- Monografias